The fouturate few

Сохранить в:
Библиографические подробности
Формат:
Метки: Добавить метку
Нет меток, Требуется 1-ая метка записи!
Thư viện lưu trữ: Mạng thư viện Đại học Đà Nẵng
LEADER 00401nam a22001691a 4500
001 000040565
003 16860
005 20160412023235.0
008 160412s0 000
082 |a A23100 
245 |a The fouturate few  |c Tim Kennemore 
OWN |a LNN 
999 |a From the UDN01 
TYP |a Monograph 
980 |a Mạng thư viện Đại học Đà Nẵng